[Event "Porto Velho Madeira"]
[Site "Porto Velho"]
[Date "2013.01.13"]
[Round "4"]
[White "Da Silva, Vinicius R Rodrigue"]
[Black "Matos Filho, Newton"]
[Result "1-0"]
[WhiteElo "1705"]
[BlackElo "1800"]
[PlyCount "29"]
[EventDate "2013.01.12"]
[EventType "tourn"]
[EventRounds "9"]
[EventCountry "BRA"]
[SourceTitle "EXT 2014"]
[Source "ChessBase"]
[SourceDate "2013.11.20"]
[SourceVersion "1"]
[SourceVersionDate "2013.11.20"]
[SourceQuality "1"]

1. e4 e5 2. Nf3 Nc6 3. Bc4 Bc5 4. 0-0 h6 5. c3 Nf6 6. d4 Bb6 7. d5 Nb8 8. Nxe5 Nxe4 9. Qf3 Nf6 10. Qg3 Rg8 11. Re1 Kf8 12. d6 cxd6 13. Nxf7 Qc7 14. Nxd6 Bc5 15. Qg6 1-0

[Event "Porto Velho Madeira"]
[Site "Porto Velho"]
[Date "2013.01.12"]
[Round "2"]
[White "Farias, Robson da Costa"]
[Black "Matos Filho, Newton"]
[Result "1-0"]
[WhiteElo "1800"]
[BlackElo "1800"]
[PlyCount "41"]
[EventDate "2013.01.12"]
[EventType "tourn"]
[EventRounds "9"]
[EventCountry "BRA"]
[SourceTitle "EXT 2014"]
[Source "ChessBase"]
[SourceDate "2013.11.20"]
[SourceVersion "1"]
[SourceVersionDate "2013.11.20"]
[SourceQuality "1"]

1. e4 e5 2. Nf3 Nc6 3. b3 Nf6 4. d3 h5 5. Bb2 d6 6. h3 Be7 7. Nc3 Be6 8. Qd2 a6 9. 0-0-0 Qd7 10. d4 Nxd4 11. Nxd4 exd4 12. Qxd4 0-0 13. f4 c6 14. f5 Bxf5 15. exf5 Qxf5 16. g4 Qd7 17. Bd3 d5 18. g5 Nh7 19. Nxd5 Bxg5+ 20. Kb1 cxd5 21. Qxg7# 1-0